| 000 | 00000nam 2200000za 4500 |
| 001 | 9.674594 |
| 003 | CaOODSP |
| 005 | 20250320104759 |
| 007 | cr ||||||||||| |
| 008 | 150407|2005||||xxc|||||o f|0| 0 spa d |
| 020 | |a978-0-662-02989-2 |
| 040 | |aCaOODSP|bfre |
| 043 | |an-cn--- |
| 086 | 1 |aH21-261/2005Spa-PDF|zH21-261/2005Sp-PDF |
| 110 | 1 |aCanada.|bSanté Canada. |bDirection générale de la politique de la santé. |
| 245 | 13|a[Le système des soins de santé du Canada] |h[ressource électronique]. |
| 246 | 1 |aEl sistema de salud de Canadá |
| 250 | |a[Édition espagnol]. |
| 260 | |aOttawa - Ontario : |bSanté Canada. |cc2005. |
| 300 | |a28p.|bfigures en couleur, ill. en couleur |
| 500 | |aLe n° de catalogue (H21-261/2005Sp) et l'ISBN (0-662-02905-4) copiés dans la publication électronique sont incorrects. |
| 500 | |aPublié aussi en français sous le titre : Le système des soins de santé du Canada. |
| 504 | |aBibliographie. |
| 546 | |aTexte en espagnol. |
| 590 | |a13-24-Supp|b2013-10-18 |
| 691 | 07|aRégime de soins de santé|2gcpds |
| 775 | 08|tLe système des soins de santé du Canada |w(CaOODSP)9.632322 |
| 791 | |t[Canada's health care system] |eeng|w(CaOODSP)9.674593 |
| 856 | 40|ahttp://publications.gc.ca|qPDF|s907 Ko|uhttps://publications.gc.ca/collections/collection_2013/sc-hc/H21-261-2005-spa.pdf |
| 986 | |aSC Pub. : 5912 |